Podpora rizikového financovania malých stredných podnikov v rámci EÚ

Štandardizovaný súbor indikátorov, na základe ktorých sa hodnotí inovačná úroveň jednotlivých štátov EÚ. Pozícia Slovenska v jednotlivých indikátoroch v rámci EÚ. Podiel výdavkov na výskum a vývoj na HDP v roku 2010. Podiel výdavkov vedu a výskum vo vybraných krajinách. Percentuálny podiel výdavkov...

Ausführliche Beschreibung

Gespeichert in:
Bibliographische Detailangaben
1. Verfasser: Bukovová, Sylvia, 1959-
Format: Buchkapitel
Sprache:Slowakisch
Schlagworte:
Tags: Tag hinzufügen
Keine Tags, Fügen Sie das erste Tag hinzu!

MARC

LEADER 00000nla a2200000 4500
001 0185142
005 20240522093332.9
041 0 |a slo 
044 |a SK 
245 1 0 |a Podpora rizikového financovania malých stredných podnikov v rámci EÚ  |c Sylvia Bukovová 
520 |a Štandardizovaný súbor indikátorov, na základe ktorých sa hodnotí inovačná úroveň jednotlivých štátov EÚ. Pozícia Slovenska v jednotlivých indikátoroch v rámci EÚ. Podiel výdavkov na výskum a vývoj na HDP v roku 2010. Podiel výdavkov vedu a výskum vo vybraných krajinách. Percentuálny podiel výdavkov na vedu a výskum v SR a EÚ v období 2007-2011. Podpora rizikového financovania v rámci EÚ. Podpora inovačného potenciálu podnikov a rizikového financovania MSP v Európskej únii. Finančný nástroj JEREMIE. 
610 2 0 |a podnik malý 
610 2 0 |a podnik stredný 
610 2 0 |a inovácia 
610 2 0 |a financovanie 
610 2 0 |a kapitál rizikový 
610 2 0 |a Európska únia 
610 2 0 |a financovanie vedy 
610 2 0 |a financovanie vývoja 
100 1 |a Bukovová, Sylvia, 1959-